00965nam a2200253 i 4500003000900000005001700009007000300026008004100029020001500070040003000085082001300115100004300128240004900171245015000220264004400370300004300414336002700457337003300484338002800517490002300545500005900568700004600627700003800673DO-SdBNP20240626105806.0ta240626b1983 sp a || 000 0 spa d a8432047333 aDO-SdBNPbspacBNPHUerda 4222bD6151 aDitfurth, Hoimar voneautord1921-1989 aWir sind nicht nur von dieser weltlalemán10aNo somos sólo de este mundo :bciencia y religión no se excluyen ni contradicen /cHoimar von Ditfurth ; traducción Alfonsina Janés Nadal aBarcelona, España :bPlaneta, c1983. a243 páginas :bilustracionesc24 cm. 2rdacontentatextobtxt 2rdamediaasin mediaciónbn 2rdacarrieravolumenbnc aAl filo del tiempo aIncluye datos biografícos del autor en las solapas.  a Janés Nadal, Alfonsinae traducción  aVezzoso, Virginia etraducción